Normal view
MARC view
Entry Personal Name
001 - CONTROL NUMBER
- control field: 51140
003 - CONTROL NUMBER IDENTIFIER
- control field: dpl
005 - DATE AND TIME OF LATEST TRANSACTION
- control field: 20120816144141.0
008 - FIXED-LENGTH DATA ELEMENTS
- fixed length control field: 120816|||a|||||| | ||| d
040 ## - CATALOGING SOURCE
- Original cataloging agency: dpl
- Transcribing agency: dpl
100 ## - HEADING--PERSONAL NAME
- Personal name: Cooke, Heather
670 ## - SOURCE DATA FOUND
- Source citation: Work cat.: (dpl)68970: Cooke, Heather, Success with Mathematics/, 2003
670 ## - SOURCE DATA FOUND
- Source citation: Work cat.: (dpl)68970: Cooke, Heather, Success with Mathematics/, 2003
